Statistiken für Länder nach dem Krieg

Klicken Sie hier um das Quiz zu spielen!

Allgemein

  • Dieses Quiz wurde 348 mal gespielt
    (254 seit der letzten Aktualisierung)
  • Das Durchschnittsergebnis liegt bei 9 aus 21

Antwortstatistiken

HinweisLand% Korrekt
Vereinigtes Königreich
82%
Kosovo-KonfliktKosovo
81%
Amerikanischer BürgerkriegVereinigte Staaten
81%
Frankreich
79%
FalklandkriegArgentinien
69%
Jugoslawien
60%
Rom
57%
100 Jahre KriegEngland
53%
BurenkriegGroßbritannien
50%
Spanien
50%
Punische KriegeKarthago
44%
Konföderierte Staaten von Amerika
42%
80 Jahre KriegNiederlande
41%
Sparta
40%
Peloponnesischer KriegAthen
39%
Kargil-KriegIndien
17%
Pakistan
15%
Chaco-KriegBolivien
10%
Paraguay
8%
Transvaal
6%
Orange Freistaat
0%

Verteilung der Resultate

Perzentil nach korrekt beantworteten Fragen

Anzahl Personen mit jedem Resultat

Ihre Resultats-Entwicklung

Sie haben dieses Quiz seit der letzten Aktualisierung nicht gespielt